000 00325nam a2200121 a 4500
005 20141022141958.0
008 120306s19uu xx 00 eng d
050 _aCD-ROM
_bD36 2005
100 _aDehaan, Jen
245 _aAnimation and effects with macromedia flash MX 2004 /
_cJen Dehaan.
260 _c2005.
942 _cAVM
999 _c276093
_d276093